[Event "FRA-chT1 1011"]
[Site "France"]
[Date "2010.11.14"]
[Round "3.5"]
[White "Pivard, Jean Louis"]
[Black "Penkov, Nikola"]
[Result "1-0"]
[WhiteElo "2079"]
[BlackElo "1806"]
[PlyCount "103"]
[EventDate "2010.10.17"]
[EventType "team-tourn"]
[EventRounds "11"]
[EventCountry "FRA"]
[SourceTitle "EXT 2012"]
[Source "ChessBase"]
[SourceDate "2011.11.24"]
[SourceVersion "1"]
[SourceVersionDate "2011.11.24"]
[SourceQuality "1"]

1. d4 Nf6 2. Nf3 e6 3. c4 Bb4+ 4. Bd2 Bxd2+ 5. Qxd2 b6 6. Nc3 Bb7 7. Qf4 d6 8. e4 0-0 9. Rd1 Qe7 10. Bd3 Nbd7 11. 0-0 e5 12. Qh4 Rfe8 13. Rfe1 Nf8 14. dxe5 dxe5 15. Nd5 Nxd5 16. exd5 Qxh4 17. Nxh4 Rad8 18. Bc2 g6 19. g4 Kg7 20. Re3 Rd6 21. Rde1 Ba6 22. Ba4 Re7 23. b3 Bc8 24. f4 Bxg4 25. fxe5 Rd8 26. Rg3 Bc8 27. Bc6 Kg8 28. b4 Nd7 29. Rge3 Nb8 30. b5 Nxc6 31. bxc6 Ba6 32. Rc1 Rde8 33. Ra3 Bc8 34. d6 cxd6 35. exd6 Re4 36. Nf3 Rd8 37. d7 Bxd7 38. c7 Ra8 39. Rd3 Bc8 40. Rd8+ Kg7 41. c5 Re7 42. cxb6 axb6 43. Nd4 Re5 44. Rc2 Re7 45. Nb5 Kf6 46. Nd6 Ra4 47. Rxc8 Rg4+ 48. Kf1 Rf4+ 49. Rf2 Rxf2+ 50. Kxf2 Ke6 51. Nb5 Ke5 52. Rd8 1-0